000 01052 a2200217 4500
001 59600
005 20260407155850.0
008 260407a1963 arg spa d
003 AR-UNSa-BCEJYS
040 _aAR-UNSa-BCEJYS
_bspa
_cAR-UNSa-BCEJYS
080 _a330.34
_xDesarrollo Económico
245 1 0 _aDesarrollo nacional y su funcionamiento
_pestudio de como la ciencia y la tecnología occidentales pueden ayudar a los paises pobres del mundo a alcanzar su desarrollo económico
264 1 _aMéxico :
_bUnión Tipográfica Editorial Hispano-Americana (UTEHA)
_c1963
300 _a238 p.
_c17 cm.
505 _a1. Introducción – 2. Las primeras etapas – 3. Etapas intermedias y superiores – 4. El “despegue” – 5. Cooperación técnica – 6. Agricultura – 7. Desarrollo industrial – 8. Capital – 9. Dificultades financieras – 10. Desarrollo político – 11. Lo futuro
041 _aspa
942 _cBK
590 _aniveau_biblio:m niveau_hierar:0
100 1 _aCoyle, David Cushman
700 1 _aGomez Palacio, Francisco
999 _c6752
_d6752